Making strategy work : (Record no. 347765)
[ view plain ]
| 000 -LEADER | |
|---|---|
| fixed length control field | 01714 a2200169 4500 |
| 020 ## - INTERNATIONAL STANDARD BOOK NUMBER | |
| International Standard Book Number | 013146745X (hardcover) |
| 020 ## - INTERNATIONAL STANDARD BOOK NUMBER | |
| International Standard Book Number | 9780131467453 (hardcover) |
| 082 04 - DEWEY DECIMAL CLASSIFICATION NUMBER | |
| Classification number | 658.4012 |
| 090 ## - LOCALLY ASSIGNED LC-TYPE CALL NUMBER (OCLC); LOCAL CALL NUMBER (RLIN) | |
| -- | 5354 |
| -- | 5354 |
| 100 1# - MAIN ENTRY--PERSONAL NAME | |
| Personal name | Hrebiniak, Lawrence G. |
| 245 10 - TITLE STATEMENT | |
| Title | Making strategy work : |
| Remainder of title | leading effective execution and change / |
| Statement of responsibility, etc. | Lawrence G. Hrebiniak. |
| 260 ## - PUBLICATION, DISTRIBUTION, ETC. | |
| Place of publication, distribution, etc. | [S.l.] : |
| Name of publisher, distributor, etc. | Pearson Prentice Hall, |
| Date of publication, distribution, etc. | 2005. |
| 300 ## - PHYSICAL DESCRIPTION | |
| Extent | 408 p. ; |
| Dimensions | 23 cm. |
| 520 ## - SUMMARY, ETC. | |
| Summary, etc. | Without effective execution, no business strategy can succeed. Unfortunately, most managers know far more about developing strategy than about executing it -- and overcoming the difficult political and organizational obstacles that stand in their way. In this book, leading consultant and Wharton professor Lawrence Hrebiniak offers the first comprehensive, disciplined process model for making strategy work in the real world. Drawing on his unsurpassed experience, Hrebiniak shows why execution is even more important than many senior executives realize, and sheds powerful new light on why businesses fail to deliver on even their most promising strategies. Next, he offers a systematic roadmap for execution that encompasses every key success factor: organizational structure, coordination, information sharing, incentives, controls, change management, culture, and the role of power and influence in your business. Making Strategy Work concludes with a start-to-finish case study showing how to use Hrebeniak's ideas to address one of today's most difficult business execution challenges: ensuring the success of a merger or acquisition. |
| 856 40 - ELECTRONIC LOCATION AND ACCESS | |
| Materials specified | Amazon.com |
| Uniform Resource Identifier | <a href="http://www.amazon.com/exec/obidos/ASIN/013146745X/chopaconline-20">http://www.amazon.com/exec/obidos/ASIN/013146745X/chopaconline-20</a> |
| 942 ## - ADDED ENTRY ELEMENTS (KOHA) | |
| Institution code [OBSOLETE] | NBS |
| Koha item type | Book |
| Call number prefix | 658.4012 HRE |
| Withdrawn status | Lost status | Damaged status | Not for loan | Permanent Location | Current Location | Date acquired | Total Checkouts | Full call number | Barcode | Date last seen | Price effective from | Koha item type |
|---|---|---|---|---|---|---|---|---|---|---|---|---|
| Central Library (CL) | Central Library (CL) | 08/28/2013 | 658.4012 HRE | NBS7170 | 08/28/2013 | 08/28/2013 | Book |
